Statistiken für Südafrika-Quiz

Klicken Sie hier um das Quiz zu spielen!

Allgemein

  • Dieses Quiz wurde 2.347 mal gespielt
  • Das Durchschnittsergebnis liegt bei 16 aus 28

Antwortstatistiken

FrageAntwort% Korrekt
HauptstädteKapstadt
93%
Größte StadtJohannesburg
88%
Wird irrtümlich als der südlichste Punkt Afrikas bezeichnetKap der {Guten} {Hoffnung}
83%
NachbarlandLesotho
83%
NachbarlandNamibia
82%
Ehemaliger Präsident (1994-1999)Nelson Mandela
82%
Meistgesprochene AmtssprachenEnglisch
81%
NachbarlandEswatini
81%
NachbarlandBotswana
78%
NachbarlandMosambik
77%
HauptstädtePretoria
77%
NachbarlandSimbabwe
77%
Periode der Rassentrennung vor 1994Apartheid
65%
Meistgesprochene AmtssprachenAfrikaans
64%
Nervtötende Plastiktrompeten der FIFA WM 2010Vuvuzela
63%
HauptstädteBloemfontein
52%
De Beers kontrollierte einst weltweit über 90% des Handels dieser glänzenden MaterieDiamant
48%
Meistgesprochene AmtssprachenZulu
39%
WährungRand
38%
Begriff für die Nachfahren von niederländischen Siedlern SüdafrikasBuren
35%
Größte WüsteKalahari
34%
Insel, auf der der obige Präsident gefangen gehalten wurdeRobben Island
26%
Begriff, der gebraucht wird um die multikulturelle Gesellschaft Südafrikas zu bezeichnen{Regenbogen}nation
25%
Spitzname der Rugby-Nationalmannschaft
(eine Antilope)
Springboks
25%
Bischof und Friedensnobelpreisträger 1984Desmond Tutu
24%
Regierende Partei SüdafrikasAfrican National Congress
21%
Längster FlussOranje
21%
Meistgesprochene AmtssprachenXhosa
21%

Verteilung der Resultate

Perzentil nach korrekt beantworteten Fragen

Anzahl Personen mit jedem Resultat

Ihre Resultats-Entwicklung

Sie haben dieses Quiz noch nicht gespielt